Statistics for United States of Ohio Map Quiz

Click here to take the quiz!

General Stats

  • This quiz has been taken 35 times
    (14 since last reset)
  • The average score is 12 of 50

Answers on the Map

Answers color-coded by a green-red scale on the quiz's map according to % correct below.
 

Answer Stats

Answer% Correct
Eastern Ohio
100%
Ohio
100%
Southern Ohio
100%
Western Ohio
100%
Cheesehio
60%
Chicaghio
60%
Floridhio
60%
Alohio
40%
Cascadahio
40%
Coldhio
40%
Cousinhio
40%
Empirhio
40%
Lakehio
40%
Massahio
40%
Mormonhio
40%
North Floridhio
40%
Potathio
40%
Capithio
20%
Deserthio
20%
Goldhio
20%
Gunhio
20%
Mexhio
20%
North Confedhio
20%
North Cornhio
20%
Northio
20%
Redneckhio
20%
Smallhio
20%
South Confedhio
20%
South Cornhio
20%
Badhio
0%
Burghio
0%
Canadhio
0%
Longhio
0%
Midhio
0%
Mounthio
0%
Nativehio
0%
Newhio
0%
New Ohio
0%
Nonehio
0%
Nuclear Detonation Center
0%
Oldhio
0%
Riverhio
0%
Slavehio
0%
Sportshio
0%
Squarehio
0%
Torhio
0%
Unhio
0%
Warmhio
0%
Wethio
0%
Wheathio
0%

Score Distribution

Percentile by Number Answered

Percent of People with Each Score

Your Score History

You have not taken this quiz since the last reset